|
|
|
|
| LEADER |
00000nam a2200000 a 4500 |
| 001 |
vtls001115117 |
| 003 |
SK-MaSNL |
| 005 |
20260301062709.0 |
| 008 |
250414s1979 xo 0 slo |
| 015 |
|
|
|a SNBA1979
|
| 035 |
|
|
|a SNK000057960
|
| 040 |
|
|
|a SNK
|b slo
|c SNK
|e AACR2
|
| 041 |
0 |
|
|a slo
|
| 044 |
|
|
|a xo
|c SK
|
| 080 |
|
|
|a 338.1+308(437.6)"1945/1977":31(058)
|2 1981
|
| 080 |
|
|
|a 308(437.6)"1945/1977"
|2 1981
|
| 080 |
|
|
|a 31(058)
|2 1981
|
| 080 |
|
|
|a 308
|2 1981
|
| 080 |
|
|
|a 338.1(437.6)"1945/1977"
|2 1981
|
| 080 |
|
|
|a 92(100)"1979"(058)
|2 1981
|
| 245 |
0 |
0 |
|a Slovensko 1979 ; František Határ, Ladislav Hvizdoš, Ján Janovic, Vladimír Konček, Dezider Krocsány, Karol Martinka, Ľudovít Pezlár, Viliam Plevza, Rudolf Rohlíček, Ladislav Hvizdoš, Ivan Bednář
|
| 250 |
|
|
|a 1. vyd.
|
| 260 |
|
|
|a Bratislava
|b Obzor
|a S.l.
|b Slov. úrad tlač a informácie [vyd.]
|c 1979
|e Nitra
|f Nitrianske tlačiarne
|
| 300 |
|
|
|a 225 s.
|b Tb. Mp.
|c 21 cm
|
| 366 |
|
|
|e 7000 výtl.
|
| 500 |
|
|
|a Prehľad význ. výročí, udalostí a osobností na r. 1979. Nepredajné. Účelová publ.
|
| 700 |
1 |
|
|a Határ, František
|4 aut
|9 377372
|
| 700 |
1 |
|
|a Hvizdoš, Ladislav
|4 aut
|9 267188
|
| 700 |
1 |
|
|a Janovic, Ján,
|d 1925-1995
|4 aut
|9 56634
|
| 700 |
1 |
|
|a Konček, Vladimír
|4 aut
|9 6409
|
| 700 |
1 |
|
|a Krocsány, Dezider
|4 aut
|9 377373
|
| 700 |
1 |
|
|a Martinka, Karol,
|d 1923-1985
|4 aut
|9 164486
|
| 700 |
1 |
|
|a Pezlár, Ľudovít,
|d 1929-1994
|4 aut
|9 125554
|
| 700 |
1 |
|
|a Plevza, Viliam,
|d 1934-
|4 aut
|9 194265
|
| 700 |
1 |
|
|a Rohlíček, Rudolf
|4 aut
|9 377374
|
| 700 |
1 |
|
|a Hvizdoš, Ladislav
|4 com
|9 267188
|
| 700 |
1 |
|
|a Bednář, Ivan
|4 bkd
|9 377375
|
| 852 |
|
|
|a Slovenská národná knižnica
|
| 954 |
|
|
|a Slovenská republika
|a hospodárstvo národné
|a úroveň životná
|a ročenky štatistické
|
| 954 |
|
|
|a výročia kultúrnopolitické
|a osobnosti významné
|a kalendáre kultúrnopolitické
|
| 958 |
|
|
|a OND
|
| 958 |
|
|
|a TL
|
| 999 |
|
|
|c 621537
|d 623467
|
| 952 |
|
|
|t P60, <06>, [BOOK], {606}
|a SNK
|b SNK
|y PREZ
|7 0
|p 17A0195219
|o snkČSD 807/1979
|0 0
|1 0
|4 0
|d 1999-06-03
|l 0
|r 2004-12-31 00:00:00
|w 2026-02-23
|
| 952 |
|
|
|t P60, <06>, [BOOK], {606}
|a SNK
|b SNK
|y PREZ
|7 0
|p 17A0218593
|o snkČSD 807/1979 D1
|0 0
|1 0
|4 0
|d 1999-11-18
|l 0
|r 2004-12-31 00:00:00
|w 2026-02-23
|